United States Governors Quiz Stats

 Plays Quiz Updated Jan 21, 2021

Support Sporcle.
Go Orange.
Score 0/50 Timer 10:00
4 Plays Today
State Governor % Correct
CaliforniaGavin Newsom
77.5%
New YorkKathy Hochul
73.3%
FloridaRon DeSantis
66.8%
New JerseyPhilip Murphy
65.7%
TexasGreg Abbott
63%
LouisianaJohn Bel Edwards
59.3%
MassachusettsCharlie Baker
56%
AlaskaMike Dunleavy
55.7%
OhioMike DeWine
53.1%
WisconsinTony Evers
52.4%
MichiganGretchen Whitmer
50.8%
ArizonaDoug Ducey
50.6%
VirginiaRalph Northam
50.5%
MarylandLarry Hogan
49.2%
IllinoisJ.B. Pritzker
49%
PennsylvaniaTom Wolf
48.6%
New MexicoMichelle Lujan Grisham
48.2%
GeorgiaBrian Kemp
47.6%
ColoradoJared Polis
47.3%
South CarolinaHenry McMaster
46.2%
OregonKate Brown
43.7%
KansasLaura Kelly
43.3%
MinnesotaTim Walz
42.7%
AlabamaKay Ivey
42.3%
North CarolinaRoy Cooper
41.8%
State Governor % Correct
HawaiiDavid Ige
41.5%
ArkansasAsa Hutchinson
40.7%
WashingtonJay Inslee
40.7%
ConnecticutNed Lamont
40.5%
New HampshireChris Sununu
40.1%
IndianaEric Holcomb
39.6%
MontanaGreg Gianforte
38.2%
VermontPhil Scott
37.5%
KentuckyAndy Beshear
37.5%
MaineJanet Mills
36.2%
IowaKim Reynolds
36.1%
West VirginiaJim Justice
35.7%
Rhode IslandDaniel McKee
35.4%
NevadaSteve Sisolak
35.3%
MissouriMike Parson
35.1%
MississippiTate Reeves
34.6%
TennesseeBill Lee
31.5%
OklahomaKevin Stitt
31.2%
IdahoBrad Little
31.2%
South DakotaKristi Noem
29%
DelawareJohn Carney
28.7%
UtahSpencer Cox
26.3%
NebraskaPete Ricketts
26%
WyomingMark Gordon
24.8%
North DakotaDoug Burgum
22.3%

You're not logged in!

Compare scores with friends on all Sporcle quizzes.
OR
Log In
Forgot?

From the Vault

Remove Ads.
Support Sporcle.
Get the best of Sporcle when you Go Orange. This ad-free experience offers more features, more stats, and more fun while also helping to support Sporcle. Thank you for becoming a member.

Show Comments

Extras

Top Quizzes Today


Score Distribution

Your Account Isn't Verified!

In order to create a playlist on Sporcle, you need to verify the email address you used during registration. Go to your Sporcle Settings to finish the process.

Report this User

Report this user for behavior that violates our Community Guidelines.

Details: